000
00294nam a2200121 a 4500
005
20141022141958.0
008
120302s19uu xx 00 eng d
050
_a
CD
_b
Y9 2006
100
_a
Yule, George
245
_a
Oxford practice grammar /
_c
George Yule.
260
_c
2006.
942
_c
AVM
999
_c
276084
_d
276084